|
|
|
|
| LEADER |
00677nam a2200193 i 4500 |
| 001 |
misc57770 |
| 005 |
20210517222204.0 |
| 008 |
210517s1904 hu o 0|| hun d |
| 040 |
|
|
|a SZTE Miscellanea Repozitórium
|b hun
|
| 041 |
|
|
|a hun
|
| 100 |
1 |
|
|a Scossa Dezső
|
| 245 |
1 |
0 |
|a Délvidéki történetek
|h [elektronikus dokumentum] /
|c Scossa Dezső
|
| 260 |
|
|
|a Endrényi Imre Könyvnyomda
|b Szeged, Magyarország
|c 1904
|
| 300 |
|
|
|a 200 p.
|c 20 cm
|
| 650 |
|
4 |
|a Bölcsészettudományok
|
| 650 |
|
4 |
|a Nyelvek és irodalom
|
| 650 |
|
4 |
|a Általános irodalomtudományok
|
| 695 |
|
|
|a Magyar irodalom - novella
|
| 856 |
4 |
0 |
|u http://misc.bibl.u-szeged.hu/57770/1/xa_212575.pdf
|z Dokumentum-elérés
|